| 000 | 00378nam a2200145Ia 4500 | ||
|---|---|---|---|
| 008 | 191130s9999##################000#0#eng## | ||
| 020 | _a978-8176488235 | ||
| 040 |
_aACL _cACL |
||
| 082 | _a330.16 AGA | ||
| 245 |
_aWealth from waste _cS.K. Agarwal |
||
| 260 | _b[publisher not identified] | ||
| 990 | _a027329b8ac10000c233231cefc23c0b9 | ||
| 991 | _a43315 | ||
| 999 |
_c308483 _d308483 |
||